[Event "Agen 2017 - Vétérans"]
[Site "?"]
[Date "2017.08.22"]
[Round "4.3"]
[White "Gervasio, Ricardo"]
[Black "Faber, Michel"]
[Result "1/2-1/2"]
[LiveChessVersion "1.4.8"]
[BlackElo "2097"]
[WhiteElo "2215"]

1. d4 {[%clk 1:30:44]} Nf6 {[%clk 1:30:50]} 2. Nf3 {[%clk 1:31:05]} e6
{[%clk 1:30:57]} 3. e3 {[%clk 1:31:10]} c5 {[%clk 1:30:25]} 4. Bd3
{[%clk 1:31:33]} Nc6 {[%clk 1:29:02]} 5. O-O {[%clk 1:31:48]} d5 {[%clk 1:27:12]}
6. b3 {[%clk 1:32:13]} Be7 {[%clk 1:24:43]} 7. Bb2 {[%clk 1:32:28]} O-O
{[%clk 1:23:20]} 8. Nbd2 {[%clk 1:32:43]} b6 {[%clk 1:20:17]} 9. a3
{[%clk 1:23:24]} Bb7 {[%clk 1:18:47]} 10. c4 {[%clk 1:20:42]} Rc8
{[%clk 1:15:11]} 11. Qe2 {[%clk 1:20:09]} Re8 {[%clk 1:07:30]} 12. Rfd1
{[%clk 1:17:20]} cxd4 {[%clk 1:00:03]} 13. exd4 {[%clk 1:17:35]} g6
{[%clk 0:58:31]} 14. Rac1 {[%clk 1:16:33]} dxc4 {[%clk 0:55:11]} 15. bxc4
{[%clk 1:16:23]} Bf8 {[%clk 0:55:27]} 16. Ne4 {[%clk 1:15:20]} Nxe4
{[%clk 0:49:34]} 17. Bxe4 {[%clk 1:15:00]} Na5 {[%clk 0:41:41]} 18. Bd3
{[%clk 1:10:14]} Bh6 {[%clk 0:40:21]} 19. Rc2 {[%clk 1:10:30]} Bc6
{[%clk 0:40:42]} 20. Rc3 {[%clk 1:04:22]} Ba4 {[%clk 0:37:36]} 21. Bc2
{[%clk 1:01:54]} Bxc2 {[%clk 0:36:19]} 22. Qxc2 {[%clk 1:00:59]} Bg7
{[%clk 0:32:54]} 23. h4 {[%clk 0:47:06]} Re7 {[%clk 0:29:12]} 24. Bc1
{[%clk 0:32:58]} Rec7 {[%clk 0:26:45]} 25. c5 {[%clk 0:32:59]} bxc5
{[%clk 0:20:17]} 26. Rxc5 {[%clk 0:31:57]} Qd6 {[%clk 0:17:59]} 27. Be3
{[%clk 0:28:23]} Nc4 {[%clk 0:18:18]} 28. Rxc7 {[%clk 0:19:05]} Qxc7
{[%clk 0:17:22]} 29. Rc1 {[%clk 0:16:41]} Qb7 {[%clk 0:16:48]} 30. Qa4
{[%clk 0:10:44]} Nxe3 {[%clk 0:15:44]} 31. Rxc8+ {[%clk 0:11:09]} Qxc8
{[%clk 0:16:02]} 32. fxe3 {[%clk 0:11:37]} Qc1+ {[%clk 0:15:17]} 33. Kf2
{[%clk 0:12:02]} Qb2+ {[%clk 0:13:17]} 34. Kf1 {[%clk 0:11:22]} Qc1+
{[%clk 0:13:15]} 35. Kf2 {[%clk 0:09:08]} Qb2+ {[%clk 0:13:20]} 36. Kf1
{[%clk 0:04:47]} Qc1+ {[%clk 0:13:42]} 37. Kf2 {[%clk 0:05:40]} 1/2-1/2

[Event "Agen 2017 - Vétérans"]
[Site "?"]
[Date "2017.08.22"]
[Round "4.4"]
[White "Le Gallen, Luc"]
[Black "Dussol, Pierre"]
[Result "1/2-1/2"]
[LiveChessVersion "1.4.8"]
[BlackElo "2113"]
[WhiteElo "1968"]

1. e4 {[%clk 1:30:58]} d6 {[%clk 1:30:42]} 2. d4 {[%clk 1:31:22]} Nf6
{[%clk 1:30:26]} 3. Nc3 {[%clk 1:31:49]} g6 {[%clk 1:30:02]} 4. Be3
{[%clk 1:32:11]} c6 {[%clk 1:27:45]} 5. Qd2 {[%clk 1:32:31]} b5 {[%clk 1:26:33]}
6. Bd3 {[%clk 1:32:51]} Nbd7 {[%clk 1:25:56]} 7. Nf3 {[%clk 1:32:42]} e5
{[%clk 1:23:27]} 8. a4 {[%clk 1:25:19]} b4 {[%clk 1:19:53]} 9. Ne2
{[%clk 1:25:40]} a5 {[%clk 1:10:59]} 10. O-O {[%clk 1:21:27]} Bg7
{[%clk 1:02:25]} 11. Bh6 {[%clk 1:19:40]} O-O {[%clk 1:02:14]} 12. Ng3
{[%clk 1:16:37]} Bb7 {[%clk 0:58:14]} 13. Rfe1 {[%clk 1:10:04]} exd4
{[%clk 0:41:19]} 14. Bxg7 {[%clk 1:09:01]} Kxg7 {[%clk 0:41:32]} 15. Nxd4
{[%clk 1:09:19]} Re8 {[%clk 0:33:25]} 16. Qg5 {[%clk 1:01:26]} Ne5
{[%clk 0:29:26]} 17. Rad1 {[%clk 0:53:07]} Ng8 {[%clk 0:20:20]} 18. Qd2
{[%clk 0:48:57]} Kh8 {[%clk 0:15:35]} 19. h3 {[%clk 0:48:12]} Qh4
{[%clk 0:15:08]} 20. Qe2 {[%clk 0:42:21]} Rad8 {[%clk 0:13:43]} 21. Nf3
{[%clk 0:41:52]} Qf4 {[%clk 0:11:08]} 22. Nxe5 {[%clk 0:41:05]} dxe5
{[%clk 0:11:08]} 23. Qd2 {[%clk 0:37:37]} Qxd2 {[%clk 0:10:50]} 24. Rxd2
{[%clk 0:38:04]} Rd6 {[%clk 0:10:38]} 25. Red1 {[%clk 0:38:03]} Red8
{[%clk 0:10:47]} 26. Nf1 {[%clk 0:38:06]} Ne7 {[%clk 0:09:16]} 27. Bc4
{[%clk 0:37:40]} Rxd2 {[%clk 0:08:40]} 28. Rxd2 {[%clk 0:38:08]} Rxd2
{[%clk 0:07:23]} 29. Nxd2 {[%clk 0:38:35]} Kg7 {[%clk 0:06:02]} 30. Nb3
{[%clk 0:38:52]} Nc8 {[%clk 0:04:07]} 31. Nxa5 {[%clk 0:38:26]} Nd6
{[%clk 0:03:28]} 32. Bd3 {[%clk 0:30:05]} Kf8 {[%clk 0:03:34]} 33. Kf1
{[%clk 0:30:13]} Ke7 {[%clk 0:03:38]} 34. Ke2 {[%clk 0:30:17]} c5
{[%clk 0:03:02]} 35. f3 {[%clk 0:29:45]} Kd7 {[%clk 0:02:24]} 36. Nc4
{[%clk 0:29:45]} f6 {[%clk 0:02:19]} 37. Nxd6 {[%clk 0:27:24]} Kxd6
{[%clk 0:02:47]} 38. Bc4 {[%clk 0:26:37]} Bc6 {[%clk 0:01:58]} 39. b3
{[%clk 0:26:36]} Bb7 {[%clk 0:01:31]} 40. Kd3 {[%clk 0:55:32]} Kc7
{[%clk 0:31:25]} 41. Bb5 {[%clk 0:51:08]} Kb6 {[%clk 0:22:31]} 42. Kc4
{[%clk 0:48:42]} f5 {[%clk 0:21:32]} 43. Kd3 {[%clk 0:47:37]} Bc8
{[%clk 0:13:19]} 44. Bc4 1/2-1/2

[Event "Agen 2017 - Open A"]
[Site "?"]
[Date "2017.08.22"]
[Round "4.1"]
[White "Bruneau, Laurent"]
[Black "Duquesne, Adrien"]
[Result "1/2-1/2"]
[LiveChessVersion "1.4.8"]
[BlackElo "2172"]
[WhiteElo "2146"]

1. d4 {[%clk 1:30:53]} Nf6 {[%clk 1:29:48]} 2. Nf3 {[%clk 1:31:14]} g6
{[%clk 1:29:51]} 3. e3 {[%clk 1:30:44]} Bg7 {[%clk 1:29:45]} 4. b3
{[%clk 1:29:37]} O-O {[%clk 1:27:40]} 5. Bb2 {[%clk 1:29:49]} d6 {[%clk 1:27:59]}
6. Be2 {[%clk 1:29:36]} e5 {[%clk 1:27:01]} 7. dxe5 {[%clk 1:28:46]} Ng4
{[%clk 1:25:08]} 8. c4 {[%clk 1:20:30]} Nc6 {[%clk 1:24:28]} 9. O-O
{[%clk 1:18:23]} Ngxe5 {[%clk 1:22:14]} 10. Qd2 {[%clk 1:16:19]} Nxf3+
{[%clk 1:01:57]} 11. Bxf3 {[%clk 1:16:34]} Ne5 {[%clk 1:02:03]} 12. Be2
{[%clk 1:16:37]} Qe7 {[%clk 0:38:11]} 13. f4 {[%clk 1:00:21]} Nd7
{[%clk 0:25:11]} 14. Bxg7 {[%clk 0:59:01]} Kxg7 {[%clk 0:25:32]} 15. e4
{[%clk 0:34:15]} Nf6 {[%clk 0:21:04]} 16. Bd3 {[%clk 0:31:19]} Bd7
{[%clk 0:13:31]} 17. Nc3 {[%clk 0:31:10]} Bc6 {[%clk 0:13:17]} 18. Rae1
{[%clk 0:31:29]} Rae8 {[%clk 0:12:58]} 19. Qb2 {[%clk 0:29:03]} Kg8
{[%clk 0:06:57]} 20. b4 {[%clk 0:26:23]} Bd7 {[%clk 0:04:08]} 21. Qf2
{[%clk 0:15:27]} h5 {[%clk 0:02:13]} 22. h3 {[%clk 0:15:45]} d5 {[%clk 0:01:48]}
23. c5 {[%clk 0:05:43]} dxe4 {[%clk 0:02:03]} 24. Bxe4 {[%clk 0:05:36]} Nxe4
{[%clk 0:02:16]} 25. Nxe4 {[%clk 0:05:48]} Qd8 {[%clk 0:02:04]} 26. Qd4
{[%clk 0:03:41]} f5 {[%clk 0:01:30]} 27. Ng5 {[%clk 0:03:58]} Bb5
{[%clk 0:01:10]} 28. Qxd8 {[%clk 0:03:48]} Rxd8 {[%clk 0:01:39]} 29. Rf2
{[%clk 0:03:46]} Rfe8 {[%clk 0:01:38]} 30. Rxe8+ {[%clk 0:02:28]} Rxe8
{[%clk 0:02:07]} 31. Rd2 {[%clk 0:01:40]} Kf8 {[%clk 0:01:27]} 32. Kf2
{[%clk 0:01:43]} b6 {[%clk 0:00:55]} 33. cxb6 {[%clk 0:01:46]} axb6
{[%clk 0:01:05]} 34. Rc2 {[%clk 0:01:51]} Re7 {[%clk 0:01:07]} 35. Rxc7
{[%clk 0:01:19]} Re2+ {[%clk 0:01:33]} 36. Kg3 {[%clk 0:01:14]} Rxa2
{[%clk 0:01:52]} 37. Nf3 {[%clk 0:00:59]} Rb2 {[%clk 0:01:50]} 38. Nh4
{[%clk 0:00:44]} Rb3+ {[%clk 0:01:53]} 39. Kf2 {[%clk 0:00:49]} Be8
{[%clk 0:01:06]} 40. Rc4 {[%clk 0:30:43]} b5 {[%clk 0:30:56]} 41. Rd4
{[%clk 0:28:36]} Bf7 {[%clk 0:23:12]} 42. Nf3 {[%clk 0:22:42]} Rb2+
{[%clk 0:16:35]} 43. Kg3 {[%clk 0:18:07]} Bc4 {[%clk 0:11:05]} 44. Ne5
{[%clk 0:17:18]} Rxb4 {[%clk 0:09:38]} 45. Kh4 {[%clk 0:12:09]} Ra4
{[%clk 0:04:00]} 46. Kg5 {[%clk 0:06:13]} Bf1 {[%clk 0:02:26]} 47. Nxg6+
{[%clk 0:05:20]} Ke8 {[%clk 0:02:30]} 48. Rd6 {[%clk 0:04:23]} Bxg2
{[%clk 0:01:54]} 49. Kf6 {[%clk 0:03:20]} Bxh3 {[%clk 0:01:14]} 50. Ne5
{[%clk 0:01:39]} Bf1 {[%clk 0:00:32]} 51. Nf7 {[%clk 0:00:38]} Ra8
{[%clk 0:00:44]} 52. Ng5 {[%clk 0:00:36]} Bc4 {[%clk 0:00:32]} 53. Rb6
{[%clk 0:00:32]} Kd7 {[%clk 0:00:36]} 54. Kxf5 {[%clk 0:00:33]} Kc7
{[%clk 0:00:53]} 55. Rh6 {[%clk 0:01:00]} b4 {[%clk 0:01:01]} 56. Nf3
{[%clk 0:00:46]} Ra5+ {[%clk 0:01:07]} 57. Ne5 {[%clk 0:00:32]} Bd3+
{[%clk 0:00:58]} 58. Kf6 {[%clk 0:00:32]} Ra6+ {[%clk 0:00:48]} 59. Kg5
{[%clk 0:00:51]} Rxh6 {[%clk 0:00:56]} 60. Kxh6 {[%clk 0:01:16]} h4
{[%clk 0:00:32]} 61. Nxd3 {[%clk 0:01:07]} h3 {[%clk 0:00:54]} 62. f5
{[%clk 0:00:51]} h2 {[%clk 0:01:13]} 63. Nf2 {[%clk 0:01:13]} b3 {[%clk 0:01:41]}
64. f6 {[%clk 0:01:26]} b2 {[%clk 0:02:06]} 65. f7 {[%clk 0:01:44]} b1=Q
{[%clk 0:02:28]} 66. f8=Q {[%clk 0:01:55]} h1=R+ {[%clk 0:00:33]} 67. Nxh1
1/2-1/2

[Event "Agen 2017 - Open A"]
[Site "?"]
[Date "2017.08.22"]
[Round "4.2"]
[White "Fruchard, Cyrille"]
[Black "Bournel, Antoine"]
[Result "1/2-1/2"]
[LiveChessVersion "1.4.8"]
[BlackElo "2142"]
[WhiteElo "2168"]

1. d4 {[%clk 1:30:46]} Nf6 {[%clk 1:29:58]} 2. c4 {[%clk 1:31:11]} e6
{[%clk 1:30:00]} 3. Nc3 {[%clk 1:31:35]} Bb4 {[%clk 1:29:55]} 4. e3
{[%clk 1:31:55]} O-O {[%clk 1:29:33]} 5. Nge2 {[%clk 1:30:49]} d5
{[%clk 1:27:11]} 6. a3 {[%clk 1:29:44]} Bd6 {[%clk 1:27:10]} 7. Ng3
{[%clk 1:20:54]} c5 {[%clk 1:26:15]} 8. dxc5 {[%clk 1:18:30]} Bxc5
{[%clk 1:26:08]} 9. Be2 {[%clk 1:14:50]} dxc4 {[%clk 1:21:06]} 10. Qxd8
{[%clk 1:09:16]} Rxd8 {[%clk 1:17:55]} 11. Bxc4 {[%clk 1:07:29]} Nc6
{[%clk 1:09:08]} 12. b4 {[%clk 0:59:59]} Be7 {[%clk 1:08:58]} 13. Bb2
{[%clk 0:56:30]} Ne5 {[%clk 0:55:37]} 14. Be2 {[%clk 0:55:58]} Nd3+
{[%clk 0:55:35]} 15. Bxd3 {[%clk 0:56:16]} Rxd3 {[%clk 0:56:01]} 16. Ke2
{[%clk 0:54:32]} Rd8 {[%clk 0:50:49]} 17. Rhd1 {[%clk 0:53:04]} Bd7
{[%clk 0:42:42]} 18. f3 {[%clk 0:48:52]} Bc6 {[%clk 0:37:41]} 19. e4
{[%clk 0:46:03]} Ne8 {[%clk 0:31:52]} 20. b5 {[%clk 0:28:38]} Bd7
{[%clk 0:32:12]} 21. e5 {[%clk 0:27:50]} Nc7 {[%clk 0:29:16]} 22. a4
{[%clk 0:27:52]} Bb4 {[%clk 0:28:23]} 23. Nge4 {[%clk 0:25:16]} Rac8
{[%clk 0:16:50]} 24. Nd6 {[%clk 0:22:40]} Rb8 {[%clk 0:14:50]} 25. Rd3
{[%clk 0:19:40]} Bxc3 {[%clk 0:14:12]} 26. Rxc3 {[%clk 0:18:39]} Nd5
{[%clk 0:14:34]} 27. Rc4 {[%clk 0:17:50]} Be8 {[%clk 0:13:11]} 28. Bd4
{[%clk 0:13:14]} b6 {[%clk 0:12:26]} 29. Kf2 {[%clk 0:11:27]} f6 {[%clk 0:08:05]}
30. Rac1 {[%clk 0:08:44]} Bg6 {[%clk 0:06:33]} 31. g3 {[%clk 0:06:21]} Bd3
{[%clk 0:05:21]} 32. Rc8 {[%clk 0:05:35]} Rbxc8 {[%clk 0:04:14]} 33. Rxc8
{[%clk 0:05:17]} Rxc8 {[%clk 0:04:31]} 34. Nxc8 {[%clk 0:05:39]} Bc2
{[%clk 0:04:47]} 35. a5 {[%clk 0:04:13]} fxe5 {[%clk 0:03:46]} 36. axb6
{[%clk 0:00:32]} axb6 {[%clk 0:03:43]} 37. Bxe5 {[%clk 0:00:47]} Bd3
{[%clk 0:02:50]} 38. Bd4 {[%clk 0:00:59]} Bxb5 {[%clk 0:03:06]} 39. Nxb6
{[%clk 0:01:21]} Nxb6 {[%clk 0:03:30]} 40. Bxb6 {[%clk 0:31:46]} Kf7
{[%clk 0:33:55]} 41. Be3 {[%clk 0:32:10]} 1/2-1/2

[Event "Agen 2017 - Open A"]
[Site "?"]
[Date "2017.08.22"]
[Round "4.3"]
[White "El Mchaouri Mas, Younes"]
[Black "Monpeurt, Cyrielle"]
[Result "1-0"]
[LiveChessVersion "1.4.8"]
[BlackElo "2135"]
[WhiteElo "2165"]

1. Nf3 {[%clk 1:30:38]} d5 {[%clk 1:30:44]} 2. c4 {[%clk 1:31:02]} c6
{[%clk 1:31:06]} 3. e3 {[%clk 1:31:26]} Nf6 {[%clk 1:31:05]} 4. Nc3
{[%clk 1:31:52]} Bg4 {[%clk 1:30:31]} 5. cxd5 {[%clk 1:20:13]} Nxd5
{[%clk 1:26:02]} 6. Be2 {[%clk 1:15:39]} e6 {[%clk 1:23:21]} 7. d4
{[%clk 1:14:43]} Be7 {[%clk 1:16:36]} 8. O-O {[%clk 1:10:41]} O-O
{[%clk 1:15:59]} 9. e4 {[%clk 1:03:35]} Nb6 {[%clk 1:11:37]} 10. Be3
{[%clk 1:00:47]} N8d7 {[%clk 1:10:45]} 11. Qc2 {[%clk 0:55:37]} Rc8
{[%clk 1:05:38]} 12. Rad1 {[%clk 0:42:42]} Qc7 {[%clk 1:03:48]} 13. a4
{[%clk 0:36:02]} a5 {[%clk 0:59:43]} 14. b3 {[%clk 0:34:03]} f5 {[%clk 0:53:11]}
15. Ng5 {[%clk 0:29:30]} Bxe2 {[%clk 0:46:47]} 16. Qxe2 {[%clk 0:29:24]} Bxg5
{[%clk 0:38:49]} 17. Bxg5 {[%clk 0:29:50]} f4 {[%clk 0:39:12]} 18. f3
{[%clk 0:16:53]} c5 {[%clk 0:31:57]} 19. Nb5 {[%clk 0:13:43]} Qb8
{[%clk 0:32:10]} 20. Be7 {[%clk 0:11:59]} Rf7 {[%clk 0:31:09]} 21. Bd6
{[%clk 0:12:14]} Qa8 {[%clk 0:31:35]} 22. Nc7 {[%clk 0:05:52]} Qa7
{[%clk 0:31:54]} 23. dxc5 {[%clk 0:05:50]} Nxc5 {[%clk 0:31:24]} 24. Bxc5
{[%clk 0:03:31]} Rfxc7 {[%clk 0:31:36]} 25. Bf2 {[%clk 0:03:17]} Rc6
{[%clk 0:30:38]} 26. Qd2 {[%clk 0:01:09]} Qb8 {[%clk 0:30:35]} 27. Qxa5
{[%clk 0:01:25]} Qc7 {[%clk 0:29:50]} 28. Rd2 {[%clk 0:01:20]} Nd7
{[%clk 0:27:15]} 29. Qxc7 {[%clk 0:01:42]} R8xc7 {[%clk 0:27:40]} 30. Rfd1
{[%clk 0:01:50]} Nf6 {[%clk 0:27:26]} 31. Bd4 {[%clk 0:02:12]} Rc2
{[%clk 0:26:24]} 32. Be5 {[%clk 0:01:12]} Rxd2 {[%clk 0:26:41]} 33. Rxd2
{[%clk 0:01:38]} Rc1+ {[%clk 0:27:06]} 34. Kf2 {[%clk 0:02:05]} Rb1
{[%clk 0:26:57]} 35. Rb2 {[%clk 0:01:29]} Rxb2+ {[%clk 0:26:41]} 36. Bxb2
{[%clk 0:01:57]} Nd7 {[%clk 0:27:05]} 37. Ba3 {[%clk 0:01:38]} Kf7
{[%clk 0:26:58]} 38. Ke2 {[%clk 0:02:02]} g5 {[%clk 0:24:19]} 39. Kd3
{[%clk 0:02:08]} h5 {[%clk 0:24:11]} 40. Kd4 {[%clk 0:31:57]} Kf6
{[%clk 0:53:53]} 41. a5 {[%clk 0:26:45]} g4 {[%clk 0:51:43]} 42. Bd6
{[%clk 0:25:22]} h4 {[%clk 0:38:47]} 43. h3 {[%clk 0:23:25]} g3 {[%clk 0:37:40]}
44. b4 {[%clk 0:23:45]} Kg5 {[%clk 0:37:42]} 45. b5 {[%clk 0:22:24]} 1-0

[Event "Agen 2017 - Open A"]
[Site "?"]
[Date "2017.08.22"]
[Round "4.4"]
[White "De Seroux, Camille"]
[Black "Vedovotto, Nicolas"]
[Result "0-1"]
[LiveChessVersion "1.4.8"]
[BlackElo "2120"]
[WhiteElo "2176"]

1. e4 {[%clk 1:28:53]} Nc6 {[%clk 1:30:43]} 2. Nf3 {[%clk 1:29:09]} d5
{[%clk 1:30:58]} 3. exd5 {[%clk 1:28:55]} Qxd5 {[%clk 1:31:24]} 4. Nc3
{[%clk 1:29:14]} Qa5 {[%clk 1:31:47]} 5. Bb5 {[%clk 1:29:12]} Bd7
{[%clk 1:31:49]} 6. O-O {[%clk 1:28:03]} e6 {[%clk 1:31:36]} 7. d4
{[%clk 1:20:53]} O-O-O {[%clk 1:30:32]} 8. Be3 {[%clk 1:09:50]} a6
{[%clk 1:21:28]} 9. Bxc6 {[%clk 1:07:10]} Bxc6 {[%clk 1:21:51]} 10. Ne5
{[%clk 1:06:39]} Be8 {[%clk 1:19:32]} 11. a3 {[%clk 0:53:18]} Nf6
{[%clk 1:06:50]} 12. b4 {[%clk 0:41:56]} Qb6 {[%clk 1:07:15]} 13. Qe2
{[%clk 0:32:59]} Nd5 {[%clk 1:03:58]} 14. Nxd5 {[%clk 0:29:57]} exd5 15. c4 dxc4
{[%clk 0:58:24]} 16. Rfc1 {[%clk 0:25:58]} Qe6 {[%clk 0:50:18]} 17. a4
{[%clk 0:16:45]} Bxb4 {[%clk 0:42:37]} 18. Rxc4 {[%clk 0:12:03]} Bd6
{[%clk 0:40:54]} 19. Qc2 {[%clk 0:08:12]} Bxe5 {[%clk 0:34:55]} 20. dxe5
{[%clk 0:08:34]} Bc6 {[%clk 0:35:11]} 21. f4 {[%clk 0:04:14]} Rd5
{[%clk 0:29:43]} 22. Rc1 {[%clk 0:03:06]} Rhd8 {[%clk 0:29:30]} 23. Qe2
{[%clk 0:02:13]} Rd3 {[%clk 0:25:21]} 24. R4c2 {[%clk 0:01:59]} Qb3
{[%clk 0:23:09]} 25. Ba7 {[%clk 0:01:26]} Qxa4 {[%clk 0:15:57]} 26. Qg4+
{[%clk 0:00:54]} R3d7 {[%clk 0:15:57]} 27. Rxc6 {[%clk 0:00:39]} bxc6
{[%clk 0:11:04]} 28. Rb1 {[%clk 0:01:08]} Qb5 {[%clk 0:11:27]} 29. Rxb5
{[%clk 0:01:36]} cxb5 {[%clk 0:11:46]} 30. Qxg7 {[%clk 0:01:06]} b4
{[%clk 0:10:57]} 31. Qxh7 {[%clk 0:00:35]} b3 {[%clk 0:10:50]} 32. Qe4
{[%clk 0:00:31]} Rd1+ {[%clk 0:10:53]} 33. Kf2 {[%clk 0:00:59]} b2
{[%clk 0:08:51]} 34. e6 {[%clk 0:00:35]} fxe6 {[%clk 0:08:49]} 35. Qxe6+
{[%clk 0:00:31]} Kb7 {[%clk 0:09:00]} 36. Qb3+ {[%clk 0:00:32]} Kxa7
{[%clk 0:09:13]} 37. Qe3+ {[%clk 0:00:39]} R8d4 {[%clk 0:09:15]} 0-1

[Event "Agen 2017 - Open B"]
[Site "?"]
[Date "2017.08.22"]
[Round "4.1"]
[White "Kozlowski, Thierry"]
[Black "Fournier, Loic"]
[Result "1-0"]
[LiveChessVersion "1.4.8"]
[BlackElo "1893"]
[WhiteElo "1976"]

1. c4 {[%clk 1:29:25]} e5 {[%clk 1:29:30]} 2. g3 {[%clk 1:29:13]} Nc6
{[%clk 1:29:42]} 3. Bg2 {[%clk 1:29:40]} f5 {[%clk 1:29:34]} 4. Nc3
{[%clk 1:28:50]} Nf6 {[%clk 1:29:52]} 5. e3 {[%clk 1:28:39]} Bb4 {[%clk 1:29:46]}
6. Nge2 {[%clk 1:28:39]} Bxc3 {[%clk 1:29:40]} 7. Nxc3 {[%clk 1:25:11]} O-O
{[%clk 1:27:59]} 8. d3 {[%clk 1:22:45]} d6 {[%clk 1:26:30]} 9. O-O
{[%clk 1:19:59]} Be6 {[%clk 1:21:55]} 10. b3 {[%clk 1:07:00]} d5 {[%clk 1:16:48]}
11. d4 {[%clk 1:03:43]} e4 {[%clk 1:13:48]} 12. Ba3 {[%clk 0:55:12]} Re8
{[%clk 1:10:22]} 13. f3 {[%clk 0:53:58]} Bf7 {[%clk 0:59:44]} 14. cxd5
{[%clk 0:50:41]} Nxd5 {[%clk 0:56:55]} 15. Nxd5 {[%clk 0:48:30]} Bxd5
{[%clk 0:57:14]} 16. f4 {[%clk 0:48:47]} Ne7 {[%clk 0:54:22]} 17. Rc1
{[%clk 0:33:34]} Bc6 {[%clk 0:51:00]} 18. Bxe7 {[%clk 0:28:17]} Rxe7
{[%clk 0:47:55]} 19. Rc5 {[%clk 0:23:54]} Bd5 {[%clk 0:43:58]} 20. Qh5
{[%clk 0:19:01]} Rf7 {[%clk 0:39:30]} 21. Rfc1 {[%clk 0:17:47]} b6
{[%clk 0:38:25]} 22. R5c3 {[%clk 0:17:19]} a5 {[%clk 0:36:41]} 23. Qe2
{[%clk 0:09:25]} Qd6 {[%clk 0:29:45]} 24. Qb5 {[%clk 0:08:49]} a4
{[%clk 0:25:50]} 25. Rxc7 {[%clk 0:04:27]} g6 {[%clk 0:17:06]} 26. Rc8+
{[%clk 0:02:54]} Rf8 {[%clk 0:16:30]} 27. Rxf8+ {[%clk 0:02:25]} Kxf8
{[%clk 0:16:03]} 28. bxa4 {[%clk 0:02:46]} Ra5 {[%clk 0:14:36]} 29. Rc8+
{[%clk 0:02:12]} Kg7 {[%clk 0:15:05]} 30. Qe8 {[%clk 0:02:01]} Qa3
{[%clk 0:13:17]} 31. h3 {[%clk 0:01:48]} Ra7 {[%clk 0:06:06]} 32. Kh2
{[%clk 0:01:46]} Bxa2 {[%clk 0:05:49]} 33. g4 {[%clk 0:01:18]} Qe7
{[%clk 0:03:31]} 34. Qh8+ {[%clk 0:01:05]} Kh6 {[%clk 0:04:00]} 35. gxf5
{[%clk 0:01:19]} gxf5 {[%clk 0:02:52]} 36. Rc6+ Kh5 37. Rxb6 {[%clk 0:01:13]}
Rxa4 {[%clk 0:02:51]} 38. Rb5 {[%clk 0:01:18]} Qd7 {[%clk 0:02:37]} 39. Bxe4
{[%clk 0:01:24]} Be6 {[%clk 0:01:24]} 40. Qf6 {[%clk 0:31:05]} Ra2+
{[%clk 0:31:29]} 41. Kg3 {[%clk 0:17:20]} h6 {[%clk 0:31:06]} 42. Bf3#
{[%clk 0:17:30]} 1-0

[Event "Agen 2017 - Open B"]
[Site "?"]
[Date "2017.08.22"]
[Round "4.2"]
[White "Abdesselem, Ahmed"]
[Black "Le Brech, Cyril"]
[Result "1-0"]
[LiveChessVersion "1.4.8"]
[BlackElo "1943"]
[WhiteElo "1891"]

1. Nf3 {[%clk 1:30:55]} Nf6 {[%clk 1:30:42]} 2. g3 {[%clk 1:31:19]} d5
{[%clk 1:30:36]} 3. Bg2 {[%clk 1:31:33]} g6 {[%clk 1:22:12]} 4. O-O
{[%clk 1:31:43]} Bg7 {[%clk 1:22:37]} 5. c4 {[%clk 1:28:28]} c6 {[%clk 1:22:20]}
6. d4 {[%clk 1:23:25]} O-O {[%clk 1:21:47]} 7. Nc3 {[%clk 1:23:27]} Re8
{[%clk 1:21:50]} 8. Ne5 {[%clk 1:12:18]} dxc4 {[%clk 1:10:42]} 9. Nxc4
{[%clk 1:11:02]} Be6 {[%clk 1:09:13]} 10. Qd3 {[%clk 1:06:02]} Nd5
{[%clk 1:03:24]} 11. a3 {[%clk 1:03:24]} Nb6 {[%clk 0:52:23]} 12. Na5
{[%clk 0:51:16]} Qxd4 {[%clk 0:36:36]} 13. Qxd4 {[%clk 0:51:23]} Bxd4
{[%clk 0:36:49]} 14. Nxb7 {[%clk 0:51:41]} Nc4 {[%clk 0:36:18]} 15. Na4
{[%clk 0:44:40]} Nb6 {[%clk 0:29:01]} 16. Nac5 {[%clk 0:35:31]} Bc4
{[%clk 0:25:24]} 17. Re1 {[%clk 0:33:32]} Bd5 {[%clk 0:23:12]} 18. Rd1
{[%clk 0:27:12]} Bg7 {[%clk 0:21:17]} 19. Na5 {[%clk 0:23:40]} Bxg2
{[%clk 0:16:25]} 20. Kxg2 {[%clk 0:24:04]} a6 {[%clk 0:13:29]} 21. Rb1
{[%clk 0:22:46]} Ra7 {[%clk 0:13:32]} 22. e4 {[%clk 0:18:39]} e6 {[%clk 0:08:47]}
23. Be3 {[%clk 0:18:17]} Rae7 {[%clk 0:08:31]} 24. Nxa6 {[%clk 0:17:10]} Ra7
{[%clk 0:07:57]} 25. Nxb8 {[%clk 0:16:30]} Rxa5 {[%clk 0:06:34]} 26. Nxc6
{[%clk 0:16:34]} Rb5 {[%clk 0:06:25]} 27. b3 {[%clk 0:15:08]} Nc8
{[%clk 0:04:50]} 28. a4 {[%clk 0:15:06]} Rb7 {[%clk 0:05:07]} 29. b4
{[%clk 0:15:16]} Nb6 {[%clk 0:05:08]} 30. Bxb6 {[%clk 0:13:52]} Rxb6
{[%clk 0:05:35]} 31. b5 {[%clk 0:14:12]} Bc3 {[%clk 0:05:11]} 32. a5
{[%clk 0:13:55]} Rxc6 {[%clk 0:05:34]} 33. bxc6 {[%clk 0:14:12]} Bxa5
{[%clk 0:05:59]} 34. Rb5 {[%clk 0:13:09]} Bc7 {[%clk 0:05:46]} 35. Rd7
{[%clk 0:13:05]} Bb8 {[%clk 0:05:54]} 36. Rxb8 {[%clk 0:12:50]} 1-0

[Event "Agen 2017 - Open B"]
[Site "?"]
[Date "2017.08.22"]
[Round "4.4"]
[White "Pinson, Alexis"]
[Black "Herault, Theotime"]
[Result "1-0"]
[LiveChessVersion "1.4.8"]
[BlackElo "1900"]
[WhiteElo "1781"]

1. e4 {[%clk 1:30:44]} Nf6 {[%clk 1:30:56]} 2. e5 {[%clk 1:30:59]} Nd5
{[%clk 1:31:25]} 3. c4 {[%clk 1:31:03]} Nb6 {[%clk 1:31:50]} 4. d4
{[%clk 1:31:23]} d6 {[%clk 1:32:16]} 5. f4 {[%clk 1:31:42]} dxe5 {[%clk 1:32:34]}
6. fxe5 {[%clk 1:32:00]} Nc6 {[%clk 1:33:00]} 7. Be3 {[%clk 1:32:16]} Bf5
{[%clk 1:33:24]} 8. Nc3 {[%clk 1:32:22]} e6 {[%clk 1:33:46]} 9. Nf3
{[%clk 1:32:10]} Qd7 {[%clk 1:33:47]} 10. a4 {[%clk 1:19:26]} Bb4
{[%clk 1:33:26]} 11. Be2 {[%clk 1:17:20]} O-O {[%clk 1:25:51]} 12. O-O
{[%clk 1:15:06]} h6 {[%clk 1:20:04]} 13. Na2 {[%clk 1:07:06]} a5 {[%clk 1:17:33]}
14. Rc1 {[%clk 1:02:59]} Rad8 {[%clk 1:17:20]} 15. Nc3 {[%clk 0:56:38]} f6
{[%clk 0:59:03]} 16. exf6 {[%clk 0:55:43]} Rxf6 {[%clk 0:56:13]} 17. Nb5
{[%clk 0:51:46]} g5 {[%clk 0:47:08]} 18. h3 {[%clk 0:48:56]} Qg7 {[%clk 0:43:34]}
19. Nh2 {[%clk 0:45:10]} Rf7 {[%clk 0:38:25]} 20. Bh5 {[%clk 0:41:44]} Rfd7
{[%clk 0:38:17]} 21. Ng4 {[%clk 0:40:28]} Nxd4 {[%clk 0:25:56]} 22. Nxd4
{[%clk 0:39:13]} Rxd4 {[%clk 0:26:24]} 23. Bxd4 {[%clk 0:38:55]} Rxd4
{[%clk 0:26:53]} 24. Nxh6+ {[%clk 0:38:10]} Kf8 {[%clk 0:25:12]} 25. Nxf5
{[%clk 0:38:17]} exf5 {[%clk 0:25:03]} 26. Rxf5+ {[%clk 0:38:07]} Kg8
{[%clk 0:25:21]} 27. Qe2 {[%clk 0:37:50]} Rd2 {[%clk 0:24:40]} 28. Qe8+
{[%clk 0:37:52]} Bf8 {[%clk 0:24:50]} 29. Rcf1 {[%clk 0:37:05]} 1-0